Wa'absyiru : Dan Berikanlah Khabar gembira /

©̆€<U+00D4>̕ß̆
Bibliographic Details
Main Author: Abdul Basit Hj. Abdul Rahman, Dato' Dr (Author)
Format: Book
Published: Shah Alam, Selangor Karya Bestari Sdn. Bhd. [2023?]
Subjects:
LEADER 00917cam a2200277 7i4500
001 0000071161
005 20240621090000.0
020 # # |a 9789678610278  
040 # # |a BK 
082 0 4 |a 297.57 
090 0 0 |a 297.57   |b ABA 
100 0 # |a Abdul Basit Hj. Abdul Rahman,   |c Dato' Dr.   |e author. 
245 1 0 |a Wa'absyiru :   |b Dan Berikanlah Khabar gembira /   |c Dato' Dr. Abdul Basit Hj. Abdul Rahman. 
264 # 1 |a Shah Alam, Selangor  |b Karya Bestari Sdn. Bhd.  |c [2023?] 
300 # # |a 284 pages;   |c 23 cm. 
336 # # |a text  |2 rdacontent 
337 # # |a unmediated  |2 rdamedia 
338 # # |a volume  |2 rdacarrier 
500 # # |a Contains verses from the Qur?an and quotes from the Hadith 
599 # # |a LULUS 
650 1 0 |a Muslims --   |x Conduct of life  
650 2 0 |a Religious life --   |x Islam  
880 # # |6 245-01/(3/r  |a ©̆€<U+00D4>̕ß̆ 
997 # # |a BK 
998 # # |a 1000075252 
999 |a 1000075252  |b BOOK  |c Main Non-Fiction  |e INTAN Bukit Kiara